00000000nam##2200000za#4500
0019.546969
003CaOODSP
00520240612102504
007ta
008150406|2008||||xxc|||||     f|0| 0 fre|d
040 |aCaOODSP|bfre
041 |aeng
041 |afre
043 |an-cn---
0861 |aRv55-5/1-8-1-2008
1102 |aAgence des services frontaliers du Canada.
24510|aAgrément des courtiers en douane
260 |aOttawa - Ontario : |bAgence des services frontaliers du Canada
300 |aTexte français, 13p. : |bfigures, références ; |c28 cm.
4901 |aMémorandums D des douanes. D1, Général |vD1-8-1, le 17 septembre 2008
563 |aPolycopié
7760#|tLicensing of customs brokers |w(CaOODSP)9.564816
7760#|tAgrément des courtiers en douane |w(CaOODSP)9.596476
791 |tLicensing of customs brokers |eeng|w(CaOODSP)9.546968
830#0|aMémorandums D des douanes. D1, Général ;|vD1-8-1, le 17 septembre 2008|w(CaOODSP)9.510781